Czasowniki po hiszpańsku - Statystyki

Ogólne statystyki
  • Ten quiz został rozwiązany 25 razy
  • Średni wynik to 19 z 27
Statystyki odpowiedzi
Español Polski % Poprawnych
hablar mówić
96%
cantar śpiewać
96%
bailar tańczyć
96%
vivir żyć
96%
ir iść
92%
comer jeść
92%
beber pić
92%
escribir pisać
92%
trabajar pracować
92%
dormir spać
88%
escuchar słuchać
79%
querer chcieć
75%
fumar palić
75%
hacer robić
75%
ver widzieć
75%
jugar bawić się
71%
pagar płacić
63%
pensar myśleć
58%
nadar pływać
54%
viajar podróżować
54%
comprar kupić
50%
correr biec
46%
vender sprzedawać
46%
volar latać
42%
enseñar uczyć
42%
contar liczyć
33%
gastar spędzać
13%
Nie znaleziono quizów pasujących do podanych kryteriów
Rozkład punktacji
Procent ludzi z każdym wynikiem
Percentyl według liczby udzielonych odpowiedzi
Twoja historia wyników
Nie rozwiązałeś tego quizu